Egy magyar középvállalkozás beszerzési folyamatainak átszervezése középpontban a stratégiai szemléletmód

Bibliographic Details
Main Author: Sternóczky Ádám
Other Authors: Benkőné dr. Deák Dr. Ibolya
Format: Thesis
Kulcsszavak:Beszerzési folyamatok
Beszerzési stratégia
beszerzés
Online Access:http://dolgozattar.uni-bge.hu/12033

MARC

LEADER 00000nta a2200000 i 4500
001 dolg12033
005 20170518133613.0
008 170518suuuu hu om 000 hun d
040 |a BGE Dolgozattár Repozitórium  |b hun 
041 |a hu 
100 1 |a Sternóczky Ádám 
245 1 0 |a Egy magyar középvállalkozás beszerzési folyamatainak átszervezése  |b középpontban a stratégiai szemléletmód  |c Sternóczky Ádám  |h [elektronikus dokumentum] 
695 |a Beszerzési folyamatok 
695 |a Beszerzési stratégia 
695 |a beszerzés 
700 1 |a Benkőné dr. Deák Dr. Ibolya  |e ths 
856 4 0 |u http://dolgozattar.uni-bge.hu/12033/1/Szakdolgozat%20-%20Stern%C3%B3czky%20%C3%81d%C3%A1m%20U3OD0C.pdf  |z Dokumentum-elérés 
856 4 0 |u http://dolgozattar.uni-bge.hu/12033/7/Nyilatkozat.pdf  |z Dokumentum-elérés 
856 4 0 |u http://dolgozattar.uni-bge.hu/12033/8/Titkos%C3%ADt%C3%A1si%20k%C3%A9relem.pdf  |z Dokumentum-elérés